000 00457nam a22001577a 4500
005 20240829060915.0
008 240829b |||||||| |||| 00| 0 eng d
041 _aEnglish
082 _a349 LAW
100 _lEnglish
245 _aThe Laws of South West Africa 1915-1922
260 _aWindhoek:
_bSwakopmunder Buchhandlung,
_c1915
300 _b967 pages;
_c25 cm.
650 _aLegal practice
_bLaw
942 _cBK
_6ALISON_BN_VRIES
999 _c2925
_d2925